000 01980nam0a2200397 4500
001 RU\NLR\BIBL_A\022299052
005 20260420013350.0
010 _a978-5-6049462-1-3
021 _aRU
_bКН-П-24-034870
_9КН-П-24-3518
035 _a(NLR Aleph) 022299052
090 _a13662769
_c13662769
100 _a20240814d2024 u y0rusy50 ca
101 0 _aeng
_arus
102 _aRU
105 _aa j 000ay
181 0 _ai3
_baxxe
181 0 _ab2
_bxb2e
182 0 _an
200 1 _aКапелька и Старый корабль
_dThe Little Droplet and the Old Ship
_eкнига для чтения на английском языке в 4-5-м классах общеобразовательных учебных заведений
_fТимур Максютов
_gперевод, адаптация и словарь: Т. Ю. Медникова
_g[художник: Елизавета Клевер]
_zeng
203 _aТекст
_aИзображение
_bвизуальные
_cнепосредственные
210 _aСанкт-Петербург
_cАнтология
_d2024
215 _a22, [1] с.
_cцв. ил.
_d22
225 1 _aYoung reader's club
300 _aАвт. также на англ. яз.: Timur Maksyutov
333 _a6+
510 1 _6z33790
_aThe Little Droplet and the Old Ship
_zeng
606 1 _aАнглийский язык
_jХрестоматии для средней школы
_9972309
_3RU\NLR\AUTH\6646032
686 3 _aШ143.21-93рус21[4/5]хрест
700 1 _7ca
_8rus
_aМаксютов
_bТ. Я.
_f1965-
_gТимур Ясавеевич
_92641932
_3RU\NLR\AUTH\770272655
702 1 _aМедникова
_bТ. Ю.
_gТатьяна Юрьевна
_4730
702 1 _aКлевер
_bЕ.
_gЕлизавета
_4040
790 1 _7ba
_8rus
_aMaksjutov
_bT. Ja.
_f1965-
_gTimur Jasaveevič
_92641930
_3RU\NLR\AUTH\770272659
942 _cBOOK
980 _aNB